Welcome to the Holygrace Academy Library

Please use search bar below to get started

THE UNOFFICIAL JOKE BOOK OF BELGIUM (Record no. 5670)

MARC details
000 -LEADER
fixed length control field 00308nam a22001337a 4500
020 ## - INTERNATIONAL STANDARD BOOK NUMBER
ISBN 81-89605-15-1
082 ## - DEWEY DECIMAL CLASSIFICATION NUMBER
Classification number 827
Item number SAL/U
100 ## - MAIN ENTRY--AUTHOR NAME
Personal name SALUJA, KULDEEP
245 ## - TITLE STATEMENT
Title THE UNOFFICIAL JOKE BOOK OF BELGIUM
260 ## - PUBLICATION, DISTRIBUTION, ETC. (IMPRINT)
Place of publication NOIDA
Name of publisher THE BOOK FACTORY
Year of publication 2005
300 ## - PHYSICAL DESCRIPTION
Number of Pages 127
650 ## - SUBJECT ADDED ENTRY--TOPICAL TERM
Topical Term JOKES
Geographic subdivision INDIA
942 ## - ADDED ENTRY ELEMENTS (KOHA)
Koha item type Books
Holdings
Withdrawn status Lost status Collection code Home library Current library Shelving location Date acquired Source of acquisition Cost, normal purchase price Full call number Accession Number Koha item type
    Non-fiction Main Library Main Library SHELF 1-J-ENGLISH NOVELS FOR TEACHERS 21/10/2006 purchase 60.00 827 SAL/U 03563 Books